| 000 | 01167nmc a2200409 a 4500 | ||
|---|---|---|---|
| 003 | AR-BaBNM | ||
| 005 | 20251128202703.0 | ||
| 008 | 295020s2003 ||||||||||||||000 | spa|| | ||
| 020 | _a84-205-3459-5 | ||
| 040 | _cAR-BaBNM | ||
| 245 | 1 | 0 | _aDidáctica del inglés para primaria |
| 246 | 1 | _aDidáctica del inglés | |
| 260 |
_aMadrid _bPearson Educación _c2003 |
||
| 300 | 0 | _a279 p. | |
| 490 | 0 | _aDidáctica Primaria | |
| 500 | 0 | _aGlosario en p. 265-272 | |
| 504 | _aBibliografía en p. 273-279 | ||
| 650 | 4 | _aENSENANZA DE IDIOMAS | |
| 650 | 4 | _aINGLES | |
| 650 | 4 | _aLENGUA EXTRANJERA | |
| 650 | 4 | _aAPRENDIZAJE | |
| 650 | 4 | _aRECURSOS DIDACTICOS | |
| 650 | 4 | _aEVALUACION DEL ALUMNO | |
| 653 | 0 | _aEDUCACION PRIMARIA | |
| 653 | 0 | _aCONTENIDOS CURRICULARES | |
| 653 | 0 | _aESTRATEGIAS DIDACTICAS | |
| 700 | 1 |
_aHearn, Izabella _ecoordinador |
|
| 700 | 1 |
_aGarcés Rodríguez, Antonio _ecoordinador |
|
| 700 | 1 | _aArcos Checa, Marina | |
| 700 | 1 | _aLaboria, Geraldine | |
| 700 | 1 | _aPérez Torres, Isabel | |
| 700 | 1 | _aSerrano, M. V. | |
| 700 | 1 | _aStephenson, Jean | |
| 700 | 1 | _aTorres Olalla, Juan Daniel | |
| 942 | _cBK | ||
| 998 | _cme-solo cat | ||
| 999 |
_c134 _d134 |
||